• 首页
  • 本馆介绍
  • 公告通知
  • 最新文献
  • 馆藏检索
  • 电子资源
  • 读者导购
  • 参考咨询
  • 我的图书馆
  • 登录
  • 详细信息显示
  • 放入我的书架
  • 预约/预借图书
  • 作者相关作品
  • 分类相关作品
  • 丛书相关作品
  • 出版社相关作品

书目信息

  • 表格格式
  • 工作单格式
  • 卡片格式
题名:
精细化学品配方设计原理
    
 
作者: 陈金芳 编著
分册:  
出版信息: 北京   化学工业出版社  2008
页数: 249页
开本: 21cm
丛书名:
单 册:
中图分类: TQ072
科图分类:
主题词: 精细化工--化工产品--配方--设计 , 精细化工 , 化工产品
电子资源:
ISBN: 978-7-122-03208-9
000 00685nam0 2200229 45
005 20100303145521.60
010    @a978-7-122-03208-9@dCNY22.00
100    @a20100121d2008 em y0chiy0120 ea
101 0  @achi
102    @aCN@b110000
105    @ay z 000yy
106    @ar
200 1  @a精细化学品配方设计原理@AJing Xi Hua Xue Pin Pei Fang She Ji Yuan Li@f陈金芳编著@FChen Jin Fang Bian Zhu
210    @a北京@c化学工业出版社@d2008
215    @a249页@d21cm
606 0  @a精细化工@x化工产品@x配方@x设计
606 0  @a精细化工
606 0  @a化工产品
690    @aTQ072@v4
701  0 @a陈金芳@AChen Jin Fang@4编著
801  0 @aCN@bTANGWEI@c20100303
905    @b0585178-82@dTQ072@e183@f5
    
    精细化学品配方设计原理/陈金芳编著.-北京:化学工业出版社,2008
    249页;21cm
    
    
    ISBN 978-7-122-03208-9:CNY22.00
    
●
相关链接 在E读中查询图书 在五车中查询图书 在当当中查询图书 在豆瓣中查询图书


正题名:精细化学品配方设计原理     索取号:TQ072/183         预约/预借

序号 登录号 条形码 馆藏地/架位号 状态 备注
1 0585178   205851782   第二样本阅览室/ [索取号:TQ072/183] 在馆    
2 0585179   205851791   密集书库-化学系/ [索取号:TQ072/183] 在馆    
3 0585180   205851808   第三借阅区/ [索取号:TQ072/183] 在馆    
4 0585181   205851817   第三借阅区/ [索取号:TQ072/183] 在馆    
5 0585182   205851826   第三借阅区/ [索取号:TQ072/183] 在馆    
唐山师范学院图书馆 欢迎您!
大连网信软件有限公司© 版权所有